| 000 | 01234cam a22003258a 4500 | ||
|---|---|---|---|
| 001 | 016891088 | ||
| 003 | OSt | ||
| 005 | 20150419135053.0 | ||
| 008 | 141006t2015 paua frbd 001 0 eng d | ||
| 020 | _a9781469855738 (pbk.) | ||
| 020 | _a1469855739 | ||
| 040 |
_aStDuBDS _cStDuBDS _dEG-ScBUE |
||
| 082 | 0 | 0 |
_a610.73 _222 _bMEL |
| 100 | 1 |
_aMelnyk, Bernadette Mazurek. _937651 |
|
| 245 | 1 | 0 |
_aEvidence-based practice in nursing & healthcare : _ba guide to best practice / _cBernadette Mazurek Melnyk, Ellen Fineout-Overholt. |
| 246 | 3 | _aEvidence-based practice in nursing and healthcare | |
| 250 | _a3rd ed., International ed. | ||
| 260 |
_aPhiladelphia : _bWolters Kluwer / Lippincott Williams & Wilkins, _cc.2015. |
||
| 300 |
_axxvi, 625 p. : _bill. (col.) ; _c26 cm. |
||
| 500 | _aPrevious edition: Philadelphia, Pa. : Wolters Kluwer/Lippincott Williams & Wilkins, 2011. | ||
| 500 | _aGlossary : p. 601-612. | ||
| 500 | _aIndex : p. 613-625. | ||
| 504 | _aIncludes bibliographical references. | ||
| 650 | 0 |
_aEvidence-based nursing. _927247 |
|
| 650 | 0 |
_aNursing _xPractice. _98262 |
|
| 653 |
_bNNUR _cApril2015 |
||
| 655 |
_vreading book _934232 |
||
| 700 | 1 |
_aFineout-Overholt, Ellen. _937652 |
|
| 942 |
_2ddc _k610.73 MEL |
||
| 999 |
_c19195 _d19167 |
||